Súčasné problémy a nové trendy v rozvoji informačných systémov firiem

Uložené v:
Podrobná bibliografia
Hlavný autor: Čarnický, Štefan
Médium: Kapitola
Jazyk:Slovak
Tagy: Pridať tag
Žiadne tagy, Buďte prvý, kto otaguje tento záznam!

MARC

LEADER 00000naa$a2200000$$$4500
001 0103773
005 20240502072130.0
041 0 |a slo 
044 |a SK 
245 1 0 |a Súčasné problémy a nové trendy v rozvoji informačných systémov firiem  |c Štefan Čarnický 
100 1 |a Čarnický, Štefan